Los 3 cerditos

Gardado en:
Detalles Bibliográficos
Formato: Libro
Idioma:Lingua castelá
Publicado: Santiago Joker 2001
Series:Colección Clásicos Infantiles
Subjects:
Tags: Engadir etiqueta
Sen Etiquetas, Sexa o primeiro en etiquetar este rexistro!

MARC

LEADER 00000nam a2200000 a 4500
001 UCM5959
003 CL-VaPUC
008 021025e20010000CL |||||||||||||||||spa|d
082 0 4 |a 808.068  |b TRE  |2 21 
245 1 4 |a Los 3 cerditos 
300 |a pág. irreg 
942 |c BK 
945 |d 20021025 00:00:00  |a vberengu 
260 |a Santiago  |b Joker  |c 2001 
650 0 |a Cuentos infantiles  |9 308044 
650 0 |a Literatura infantil   |9 307465 
583 |a last modification  |c 20021025 00:00:00  |k Rodrigo Vera 
490 0 |a Colección Clásicos Infantiles 
999 |c 301627  |d 301625 
952 |0 0  |1 0  |4 0  |6 808_068000000000000_TRE_2001  |7 0  |8 A  |9 360812  |a BIBEDU  |b BIBEDU  |d 2019-11-21  |i 3849988  |l 1  |o 808.068 TRE 2001  |p 3849988  |r 2024-03-25  |s 2024-03-18  |w 2019-11-21  |y BK  |k EPE